| 000 | 00581cam a22001814a 4500 | ||
|---|---|---|---|
| 020 | _a1578082447 | ||
| 040 | _cDLC | ||
| 082 | 0 | 0 | _a631 SCI 2006 C145 Or. |
| 100 | 1 | _aHellin, Jon, | |
| 245 | 1 | 0 |
_aBetter land husbandry : _bfrom soil conservation to holistic land management / |
| 260 |
_aEnfield, NH : _bScience Publishers, _cc2006 |
||
| 300 |
_axiv, 315 p., 8 p. of plates : _bill. (some col.), map ; _c24 cm |
||
| 490 | 1 | _aLand reconstruction and management series ; | |
| 650 | 0 | _aSoil conservation | |
| 650 | 0 | _aSoil productivity | |
| 650 | 0 | _aLand use, Rural | |
| 942 | _cAEDBB | ||
| 999 |
_c18439 _d18439 |
||